LEADER 01416nam a2200325 u 4500 001 000000053263 003 CaOOAMICUS 005 20070226115536.0 008 001110s2000 nyu u000 u eng u 020 $a0385084021 035 $a10860886 040 $aIPA$bita 041 1 $aeng$hheb 130 0 $aBiblia.$pV.T.$pMichaeas.$lInglese.$0(OLS)http://pul/title/71434 245 10$aMicah :$ba new translation with introduction and commentary /$cFrancis I. Andersen and David Noel Freedman. 260 $aNew York :$bDoubleday,$c2000. 300 $axxv, 637 p. ;$c24 cm 490 1 $aThe Anchor Bible ;$v24E 500 $aComprende riferimenti bibliografici (p. 31-99) e indice. 630 04$aBiblia.$pV.T.$pMichaeas$xCommenti.$0(OLS)http://pul/subject/630 700 1 $aFreedman, David Noel,$d1922-$0(OLS)http://pul/name/1496 700 1 $aAndersen, Francis I.,$d1925-$0(OLS)http://pul/name/1494 830 4$aThe Anchor Bible ;$v24E.$0(OLS)http://pul/title/18634 850 $aPUL 852 $aPUL$W1$xSL Religione 1$y3$m1(6) G 24E$j70299$nBK-PRI$b $qStampati$B70299$CPULBib$Z2$F70299 $H $81 941 1 $a8 961 $aINV: 87553 996 $6020$a0385084021$9(OLS)http://pul/number/67154 996 $6245$aMicah :$ba new translation with introduction and commentary$9(OLS)http://pul/title/71435 996 $6260$aNew York :$bDoubleday$9(OLS)http://pul/publisher/53872 LEADER 02190nas a2200505 u 4500 001 000000018052 003 CaOOAMICUS 005 20070226110630.0 008 920213c19209999it qr p u0 u eng u 022 $a0006-0887 035 $a10422016 037 $aBusiness Department, Biblical Press, Piazza della Pilotta 35, 00187, Rome, Italy. 040 $aMnMULS$bita$cMnMULS$dOCoLC$dMBTI$dNIC$dMBTI$dInU$dm.c.$dDLC$dNST$dOCoLC$dAIP$dDLC$dNST 041 0 $aeng$afre$ager$aita$aspa 042 $alc 082 $a220/.05$219 130 0 $aBiblica$g[Spogli].$0(OLS)http://pul/title/25789 222 0$aBiblica 245 10$aBiblica. 260 $aRomae :$bPontificium Institutum Biblicum,$c1920- 300 $av. :$bill. ;$c25 cm 310 $aQuarterly 362 0 $aVol. 1, fasc. 1- 500 $aCover title. 510 2 $aNew Testament abstracts$x0028-6877 510 2 $aOld Testament abstracts$x0364-8591 510 0 $aIndex to religious periodical literature 510 0 $aNew Testament abstracts 510 2 $aReligion index one. Periodicals$x0149-8428$b1949- 546 $aArticles in English, French, German, Italian, or Spanish. 555 $aVols. 1-25, 1920-44. 1 v.; Vol. 26-50, 1945-69. 1 v. 580 $aIncludes "Elenchus bibliographicus biblicus", v. 1-48, 1920-67 (published independently, 1968- ). 630 00$aBible$xPeriodicals.$2//eng$0(OLS)http://pul/subject/12608 710 2 $aPontificio istituto biblico.$0(OLS)http://pul/name/471 730 00$aElenchus bibliographicus biblicus.$0(OLS)http://pul/title/25791 770 0 $tOrientalia 850 $aPUL 852 $aPUL$W1$xSL Riviste Correnti$y14$m3-46/SL220.05Riv.7/DP1347.A$j25446$nSE-PRI$bv.1 (1920)-$qPeriodici$B25446$CPULBib$Z2$F25446 $Hnull $81 910 $aPontificium institutm biblicum$9471 941 1 $a5 996 $6022$a0006-0887$9(OLS)http://pul/number/23212 996 $6082$a220/.05$219$9(OLS)http://pul/classification/267 996 $6222$aBiblica$9(OLS)http://pul/title/25790 996 $6245$aBiblica$9(OLS)http://pul/title/25790 996 $6260$aRomae :$bPontificium Institutum Biblicum$9(OLS)http://pul/publisher/55551